000
00255nam a2200109Ia 4500
008
190216s9999||||xx |||||||||||||| ||und||
100
_a
Sharma
245
0
_a
India People And Economy Class
260
_b
Ncrt - Newdelhi
_c
2003
300
_a
179
942
_c
BK
999
_c
20916
_d
20916